DIALOGUE (Record no. 29268)

MARC details
000 -LEADER
fixed length control field 00230nam a22001217a 4500
003 - CONTROL NUMBER IDENTIFIER
control field SGT
082 ## - DEWEY DECIMAL CLASSIFICATION NUMBER
Classification number 820
Item number D11K
100 ## - MAIN ENTRY--PERSONAL NAME
Personal name KUMAR, B.B.
245 ## - TITLE STATEMENT
Title DIALOGUE
260 ## - PUBLICATION, DISTRIBUTION, ETC. (IMPRINT)
Name of publisher, distributor, etc ASTHA BHARATI
Year of Publication 2011
300 ## - PAGE DESCRIPTION
No. of Pages 200
942 ## - ADDED ENTRY ELEMENTS (KOHA)
Source of classification or shelving scheme Dewey Decimal Classification
Koha item type Books
Holdings
Withdrawn status Lost status Source of classification or shelving scheme Damaged status Not for loan Home library Current library Shelving location Date acquired Cost, normal purchase price SGTU Total Checkouts Full call number Accession No. (Barcode) Date last seen Bill Date Koha item type
    Dewey Decimal Classification   Not For Loan SGT Chancellor's Library SGT Chancellor's Library Reference Book 23/01/2025 100.00 SGTU   820 D11K CH1920 23/01/2025 23/01/2025 Books